000 00357nam a2200145Ia 4500
008 230917s9999||||xx |||||||||||||| ||und||
040 _e116019
_aMAIN
041 _aEnglish
082 _a658.8 B651M
100 _aBose, Biplab S
245 0 _aMarketing management
260 _aMumbai
_bHimalaya Publishing House
_c2007
300 _a958 p.
942 _cBK
999 _c137512
_d137512